000
00342nam a22001457a 4500
008
210602b ||||| |||| 00| 0 eng d
020
_a
9780536201638
041
_a
eng
080
_a
510
082
_a
510
100
_a
38
101
_a
MAT
245
_a
College Algebra with Modeling and Visualization
_c
Gary Rocksworld
942
_2
udc
_c
BK
999
_c
57915
_d
57915